LEADER 01444nam a2200301 4500 001 000000343850 003 CaOOAMICUS 005 20210126154407.0 008 210120s2020 it 000 u ita r 020 $a978-88-6124-881-6 040 $aSeMil$bita 100 1 $aDel Pizzo, Francesco,$d<1976- >.$0(OLS)http://semarc/name/87940 245 10$aTeologia, economia e lavoro :$bper un umanesimo della fraternità /$cFrancesco Del Pizzo, Alessandro Gargiulo. 264 1$aTrapani :$bIl pozzo di Giacobbe,$c2020. 300 $a303 p. ;$c22 cm 500 $aContiene gli atti del convegno organizzato dalla Pontificia facoltà teologica dell'Italia meridionale (19-20 novembre 2019) 541 0 $aOmaggio mons. Mario Delpini (3M II 336) 650 4$aLavoro - Economia.$0(OLS)http://semarc/subject/684 650 4$aTeologia e economia.$0(OLS)http://semarc/subject/34219 700 1 $aGargiulo, Alessandro,$d<1975- >,$eautore.$0(OLS)http://semarc/name/112825 850 $aSeMil 852 $aSeMil$W1$xVenegono$y1$m3M II 336$j223772$B234909$CSeMilBibl$Z2$F234909 $81 941 1 $a7 961 $aOmaggio mons. Mario Delpini 996 $6020$a978-88-6124-881-6$9(OLS)http://semarc/number/292121 996 $6245$aTeologia, economia e lavoro :$bper un umanesimo della fraternità$9(OLS)http://semarc/title/432894 996 $6264$aTrapani :$bIl pozzo di Giacobbe$9(OLS)http://semarc/publisher/31941 LEADER 00896nam a2200205 i 4500 001 000000116915 003 CaOOAMICUS 005 20260331112602.0 008 040804s1965 it u000 u ita u 040 $aSeMil$bita 245 10$aDizionario Garzanti della lingua italiana /$crealizzato dalla redazione lessicografica Garzanti diretta da Giorgio Cusatelli. 264 1$aMilano :$bGarzanti,$c1965. 300 $aXV, 1990 p. ;$c24 cm. 650 4$aLingua italiana - Dizionari, vocabolari, glossari, etc.$0(OLS)http://semarc/subject/705 700 1 $aCusatelli, Giorgio.$0(OLS)http://semarc/name/17194 850 $aSeMil 852 $aSeMil$W1$xVenegono$y1$m1P VI 19$j269412$B72315$CSeMilBibl$Z2$F85344 $81 996 $6245$aDizionario Garzanti della lingua italiana$9(OLS)http://semarc/title/171502 996 $6264$aMilano :$bGarzanti$9(OLS)http://semarc/publisher/29852